Reorganización y racionalización del Ministerio de Trabajo y Bienestar Social

সংরক্ষণ করুন:
গ্রন্থ-পঞ্জীর বিবরন
সংস্থা লেখক: Costa Rica. Ministerio de Trabajo y Bienestar Social
বিন্যাস: পাঠ‍্য
প্রকাশিত: San José: MTBS
ট্যাগগুলো: ট্যাগ যুক্ত করুন
কোনো ট্যাগ নেই, প্রথমজন হিসাবে ট্যাগ করুন!

MARC

LEADER 00000 a a2200000 04500
001 22717
003
040
090 |a 156000  
110 |a Costa Rica. Ministerio de Trabajo y Bienestar Social  
245 |a Reorganización y racionalización del Ministerio de Trabajo y Bienestar Social  
260 |a San José:   |b MTBS  
300 |a 8 p.  
999 |c 10003  |d 10003